000 00361nam a22001217a 4500
041 _aeng
082 _2DS 371.8109541
100 _aSungoh, Sherwin May
245 _aSurvey Of The Educational and Vocational Aspirations of Doordarshan-Viewing pre-university Students in Shillong
260 _aShillong
_bNEHU
_c1987
300 _aI,17.:
_c27Ccm.
942 _cTHES
999 _c182772
_d182771